Formula 1 first race winners - Statistics

General Stats
  • This quiz has been taken 485 times
    469 since last reset
  • The average score is 13 of 18
Answer Stats
Grand Prix Team (Constructor) Name Nationality % Correct
1950 British Grand Prix Alfa Romeo Giuseppe Farina Italy
95%
1954 French Grand Prix Mercedes Juan Manuel Fangio Argentina
95%
2016 Spanish Grand Prix Red Bull Max Verstappen Netherlands
92%
2010 Bahrain Grand Prix Ferrari Fernando Alonso Spain
89%
2009 Australian Grand Prix Brawn Jenson Button United Kingdom
89%
2007 Australian Grand Prix Ferrari Kimi Räikkönen Finland
88%
1993 South African Grand Prix Williams Alain Prost France
81%
1986 Brazilian Grand Prix Williams Nelson Piquet Brazil
79%
1977 Argentine Grand Prix Wolf Jody Scheckter South Africa
77%
1956 Argentine Grand Prix Ferrari Juan Manuel Fangio Argentina
76%
1989 Brazilian Grand Prix Ferrari Nigel Mansell United Kingdom
76%
2005 Australian Grand Prix Renault Giancarlo Fisichella Italy
74%
1971 South African Grand Prix Ferrari Mario Andretti United States
71%
1967 South African Grand Prix Cooper Pedro Rodríguez Mexico
57%
1958 Argentine Grand Prix Rob Walker Racing Team (Cooper) Stirling Moss United Kingdom
55%
1956 Argentine Grand Prix Ferrari Luigi Musso Italy
33%
1958 Monaco Grand Prix Rob Walker Racing Team (Cooper) Maurice Trintignant France
30%
1961 French Grand Prix FISA (Ferrari) Giancarlo Baghetti Italy
26%
No matching quizzes found
Score Distribution
Percent of People with Each Score
Percentile by Number Answered
Your Score History
You have not taken this quiz since the last reset